Podnikanie v bytovom hospodárstve v Slovenskej republike bakalárska práca

Salvato in:
Dettagli Bibliografici
Autore principale: Lužbeťák, Šimon
Ente Autore: Obchodná fakulta EU. Katedra služieb a cestovného ruchu - zrušené
Altri autori: Dendiš, Ľubomír
Natura: Libro
Lingua:slovacco
Pubblicazione: Bratislava 2016
Tags: Aggiungi Tag
Nessun Tag, puoi essere il primo ad aggiungerne!!

MARC

LEADER 00000nbm a2200000 4500
001 0218826
005 20170126132450.9
041 0 |a slo 
044 |a SK 
245 1 0 |a Podnikanie v bytovom hospodárstve v Slovenskej republike  |b bakalárska práca  |c Šimon Lužbeťák ; školiteľ: Ľubomír Dendiš 
264 1 |a Bratislava  |c 2016 
300 |a 46 s. 
100 1 |a Lužbeťák, Šimon 
700 1 |a Dendiš, Ľubomír 
710 2 |a Obchodná fakulta EU. Katedra služieb a cestovného ruchu - zrušené